Electronic commerce : (Record no. 14664)

MARC details
000 -LEADER
fixed length control field 00778nam a22002297a 4500
003 - CONTROL NUMBER IDENTIFIER
control field URS
005 - DATE AND TIME OF LATEST TRANSACTION
control field 20220114171740.0
008 - FIXED-LENGTH DATA ELEMENTS--GENERAL INFORMATION
fixed length control field 180326b xxu||||| |||| 00| 0 eng d
020 ## - INTERNATIONAL STANDARD BOOK NUMBER
International Standard Book Number 9812406530
050 14 - LIBRARY OF CONGRESS CALL NUMBER
Classification number HF 5548.32
Item number S361 2001
100 ## - MAIN ENTRY--PERSONAL NAME
Personal name Schneider, Gary,
Dates associated with a name 2001-
Relator term author
245 ## - TITLE STATEMENT
Title Electronic commerce :
Statement of responsibility, etc. Gary P. Schneider.
250 ## - EDITION STATEMENT
Edition statement Second annual edition
264 #1 - PRODUCTION, PUBLICATION, DISTRIBUTION, MANUFACTURE, AND COPYRIGHT NOTICE
Place of production, publication, distribution, manufacture Albert Street Albert Complex ;
-- Singapore :
Name of producer, publisher, distributor, manufacturer Thomson Learning Asia,
Date of production, publication, distribution, manufacture, or copyright notice ©2001.
300 ## - PHYSICAL DESCRIPTION
Extent xviii, 478 pages :
Other physical details illustration ;
Dimensions 23 cm
336 ## - CONTENT TYPE
Source rdacontent
Content type term text
336 ## - CONTENT TYPE
Source rdacontent
Content type term still image
337 ## - MEDIA TYPE
Source rdamedia
Media type term unmediated
338 ## - CARRIER TYPE
Source rdacarrier
Carrier type term volume
524 ## - PREFERRED CITATION OF DESCRIBED MATERIALS NOTE
Preferred citation of described materials note Schneider., G. P. (2001). Electronic commerce. Singapore: Thomson Learning Asia
942 ## - ADDED ENTRY ELEMENTS (KOHA)
Source of classification or shelving scheme Library of Congress Classification
Koha item type Foreign Books
Holdings
Withdrawn status Source of classification or shelving scheme Damaged status Not for loan Collection code Home library Current library Shelving location Date acquired Total Checkouts Full call number Barcode Date last seen Price effective from Koha item type
  Library of Congress Classification     Non-fiction Binangonan College Library Binangonan College Library Foreign Section 06/07/2023   T58.6 B949 2001 URSBIN-01357 05/31/2017 05/31/2017 Foreign Books
  Library of Congress Classification     Non-fiction Binangonan College Library Binangonan College Library Foreign Section 06/07/2023   HF 5548.32 S361 2001 URSBIN-01347 03/26/2018 03/26/2018 Foreign Books

University of Rizal System
Email us at univlibservices@urs.edu.ph

Visit our Website www.urs.edu.ph/library